|
|
|
|
| LEADER |
00000nab a2200000 a 4500 |
| 001 |
vtls010089804 |
| 003 |
SK-MaSNL |
| 005 |
20260303081222.0 |
| 008 |
140328c2010 xo |||||||||||000 b|slo |
| 015 |
|
|
|a SNBRB2010/04
|2 snkbucl
|
| 038 |
|
|
|a SNKBUCL
|
| 040 |
|
|
|a SNKBUCL
|b slo
|c SNKBUCL
|e AACR2
|
| 041 |
0 |
|
|a slo
|
| 044 |
|
|
|a xo
|c SK
|
| 080 |
|
|
|a 636.68.082
|2 1997
|
| 080 |
|
|
|a 636.082
|2 1997
|
| 100 |
1 |
|
|a Vojník, Michal
|4 aut
|9 548688
|
| 245 |
1 |
0 |
|a O genetike netradične, ale vážne
|c Michal Vojník
|
| 300 |
|
|
|b Fotogr., obr.
|
| 500 |
|
|
|a (Pokračovanie v nasledujúcom čísle)
|
| 650 |
0 |
7 |
|a genetika
|2 snkbucl
|9 698
|
| 650 |
0 |
7 |
|a chovateľstvo
|2 snkbucl
|9 19447
|
| 650 |
0 |
7 |
|a kanáriky
|2 snkbucl
|9 20482
|
| 773 |
0 |
|
|t Chovateľ
|g Roč. 46, č. 4 (2010), s. 16-17
|x 0862-5573
|
| 852 |
|
|
|a SNK
|b KIS3GCP
|
| 999 |
|
|
|c 1783713
|d 1785643
|